Libyan Birds - Statistics

General Stats
  • This quiz has been taken 10 times
  • The average score is 18 of 20
Answer Stats
Picture Answer % Correct
Common Crane
100%
Eurasian Spoonbill
100%
Garganey
100%
Glossy Ibis
100%
Greater Flamingo
100%
Pied Kingfisher
100%
Ruddy Turnstone
100%
White Stork
100%
Bluethroat
86%
Brambling
86%
Cinereous Vulture
86%
Common Snipe
86%
Goldcrest
86%
Hooded Crow
86%
Laughing Dove
86%
Red-Crested Pochard
86%
Redwing
86%
Water Rail
86%
White-Headed Duck
86%
Ruff
71%
No matching quizzes found
Score Distribution
Percent of People with Each Score
Percentile by Number Answered
Your Score History
You have not taken this quiz